| 000 | 00399nam a2200157 a 4500 | ||
|---|---|---|---|
| 001 | 4576 | ||
| 003 | CDMR | ||
| 005 | 20130314154336.0 | ||
| 008 | 130130s2005||||||||||||||||||||||||||||d | ||
| 020 | _a8476093810 | ||
| 040 |
_aCDMR _bcat _cCDMR |
||
| 111 |
_91015 _aFotomercè |
||
| 245 | 1 | 0 |
_aFotomercè 2004 _b: Troba-t'hi! |
| 260 |
_aBarcelona _c2005 _bInstitut de Cultura de Barcelona |
||
| 942 |
_cMON _2ddc |
||
| 999 |
_c4576 _d4576 |
||